000 00858nam a2200193 i 4500
001 73024
003 ES-MaACL
005 20230906171636.0
007 t|
008 040906s1964 sp ||||1| spa d
100 1 _aGómez Baeza, Pedro.
_957824
245 1 0 _aContribución al estudio de los aceros nacionales de cementación al de la medida directa del espesor cementado /
_cpor Pedro Gómez Baeza y Enrique Asensi Alvarez-Arenas.
260 _aMadrid :
_b[s.n.,
_c1964] (
_fImp. del Instituto Nacional de Técnica Aeroespacial Esteba Terradas)
300 _a187 p., 9 lám. :
_bil. ;
_c24 cm.
500 _aPrecede al tit.: Instituto Nacional de Técnica Aeroespacial Esteba Terradas.
700 1 _aAsensi Alvarez-Arenas, Enrique.
_923574
710 2 _aInstituto Nacional de Técnica Aeroespacial (España)
_95191
852 _aES-MaACL
_jC-26611
_bR.55620
999 _c73024
_d73024